<?xml version="1.0" encoding="UTF-8"?>
<marc:record xmlns:marc="http://www.loc.gov/MARC21/slim">
   <marc:leader>00000nam a2200000 a 4500</marc:leader>
   <marc:datafield ind1=" " ind2=" " tag="653">
      <marc:subfield code="a">Pilgerfahrt</marc:subfield>
   </marc:datafield>
   <marc:datafield ind1=" " ind2=" " tag="653">
      <marc:subfield code="a">Weltreligionen</marc:subfield>
   </marc:datafield>
   <marc:datafield ind1=" " ind2=" " tag="653">
      <marc:subfield code="a">Heiliges Land</marc:subfield>
   </marc:datafield>
   <marc:datafield ind1=" " ind2=" " tag="653">
      <marc:subfield code="a">Urlaubstipps</marc:subfield>
   </marc:datafield>
   <marc:datafield ind1=" " ind2=" " tag="653">
      <marc:subfield code="a">Urlaubsplanung</marc:subfield>
   </marc:datafield>
   <marc:datafield ind1=" " ind2=" " tag="653">
      <marc:subfield code="a">Reiseträume</marc:subfield>
   </marc:datafield>
   <marc:datafield ind1=" " ind2=" " tag="653">
      <marc:subfield code="a">Reisen</marc:subfield>
   </marc:datafield>
   <marc:datafield ind1=" " ind2=" " tag="653">
      <marc:subfield code="a">Reisemagazin</marc:subfield>
   </marc:datafield>
   <marc:datafield ind1=" " ind2=" " tag="653">
      <marc:subfield code="a">Reiseinformationen</marc:subfield>
   </marc:datafield>
   <marc:datafield ind1=" " ind2=" " tag="653">
      <marc:subfield code="a">Reiseführer</marc:subfield>
   </marc:datafield>
   <marc:datafield ind1=" " ind2=" " tag="653">
      <marc:subfield code="a">Reisebeschreibungen</marc:subfield>
   </marc:datafield>
   <marc:datafield ind1=" " ind2=" " tag="653">
      <marc:subfield code="a">Israel</marc:subfield>
   </marc:datafield>
   <marc:datafield ind1=" " ind2=" " tag="653">
      <marc:subfield code="a">Loseblatt-Ausgabe / Reiseführer/Naher Osten</marc:subfield>
   </marc:datafield>
   <marc:datafield ind1=" " ind2=" " tag="653">
      <marc:subfield code="a">Aufsatzsammlung</marc:subfield>
   </marc:datafield>
   <marc:datafield ind1="0" ind2="0" tag="245">
      <marc:subfield code="a">Jerusalem</marc:subfield>
   </marc:datafield>
   <marc:datafield ind1=" " ind2="1" tag="264">
      <marc:subfield code="a">Hamburg</marc:subfield>
      <marc:subfield code="b">Jahreszeiten-Verlag GmbH</marc:subfield>
      <marc:subfield code="c">2016</marc:subfield>
   </marc:datafield>
   <marc:datafield ind1="1" ind2=" " tag="490">
      <marc:subfield code="a">Merian</marc:subfield>
      <marc:subfield code="v">69, 01</marc:subfield>
   </marc:datafield>
   <marc:datafield ind1="1" ind2=" " tag="520">
      <marc:subfield code="a">Angaben aus der Verlagsmeldung

MERIAN Jerusalem

Der Glanz der heiligen Stadt

Jerusalem war schon älter als 2000 Jahre, als Rom erst gegründet wurde. Kein Wunder, dass sich in der Altstadt mehr Kultur und Geschichte versammeln als in irgendeiner anderen Stadt der Welt. Jerusalem birgt die Heiligtümer von drei Weltreligionen, ist aber auch emsiger Marktplatz und lebendiges Zuhause vieler Menschen. Diese besondere Atmosphäre nimmt jeden gefangen.

Themen in diesem Magazin

++Grabeskirche: Das Haus Gottes teilen sich sechs verschiedene christliche Konfessionen - nicht immer ganz friedlich
++Mea Shearim: Im Viertel der Orthodoxen geht es radikal gesittet zu. Nur an Purim lockert sich der Umgang
++Zeitreise: Im 19. Jahrhundert war eine Pilgerfahrt ins Heilige Land ein Abenteuer. MERIAN zeigt historische Farbfotos
++Kaiser Wilhelm: Ein Propst, die Erlöserkirche und das Gästehaus in der Altstadt sind sichtbare Zeichen der deutschen Gemeinde
++Kulinarik: Jüdische Einwanderer brachten ihre Küche aus allen Weltgegenden mit. Eine aufregende Entdeckungsreise
</marc:subfield>
   </marc:datafield>
   <marc:datafield ind1=" " ind2=" " tag="020">
      <marc:subfield code="a">9783834220110</marc:subfield>
      <marc:subfield code="9">9783834220110</marc:subfield>
   </marc:datafield>
   <marc:datafield ind1=" " ind2=" " tag="020">
      <marc:subfield code="a">3834220116</marc:subfield>
      <marc:subfield code="9">3834220116</marc:subfield>
   </marc:datafield>
   <marc:datafield ind1=" " ind2=" " tag="041">
      <marc:subfield code="a">ger</marc:subfield>
   </marc:datafield>
   <marc:datafield ind1=" " ind2=" " tag="300">
      <marc:subfield code="a">138 Seiten</marc:subfield>
   </marc:datafield>
</marc:record>
